| 000 | 00735nam a2200253Ia 4500 | ||
|---|---|---|---|
| 003 | OSt | ||
| 005 | 20220928102139.0 | ||
| 006 | a|||||r|||| 00| 0 | ||
| 007 | ta | ||
| 008 | 220927b |||||||| |||| 00| 0 eng d | ||
| 020 | _c200 | ||
| 024 | _a109429 | ||
| 037 |
_b114, 25/08/2010, Pioneer Book Distributors _cTextual |
||
| 040 |
_aSDCL _cSDCL _beng |
||
| 041 |
_2eng _aeng |
||
| 082 | _aXL, P7 | ||
| 100 |
_aLeys Colin _9374433 |
||
| 245 | 0 |
_aTotal capitalism _b Market politics, market state. |
|
| 260 |
_aHaryana _bThree Esaays _c2008 |
||
| 300 |
_a144p _ccm. |
||
| 650 | _aPolitical Science | ||
| 942 |
_hXL, P7 _cTEXL _2CC |
||
| 999 |
_c712546 _d712546 |
||